000
00282nam a2200097Ia 4500
001
696174
005
20250826162007.0
008
250824s9999 xx 000 0 und d
245
0
_a
MAİ VE SİYAH ÖZGÜN TAM METİN/H.Z.UŞAKLIGİL/EVEREST
_c
HALİT ZİYA UŞAKLIGİL
260
_b
EVEREST
999
_c
696174
_d
696174